Strzelcy na MŚ 1958 - Statystyki

Ogólne statystyki
  • Ten quiz został rozwiązany 4 razy
  • Średni wynik to 6 z 16
Statystyki odpowiedzi
Narodowość Klub # Nazwisko % Poprawnych
Brazylia Santos 6 Pelé
100%
Francja Stade de Reims 13 Just Fontaine
75%
Niemcy (RFN) Rot-Weiss Essen 6 Helmut Rahn
50%
Irlandia Północna Aston Villa 5 Peter McParland
50%
ZSRR Spartak Moskwa 2 Anatoli Ilyin
25%
Anglia West Bromwich Albion 2 Derek Kevan
25%
Walia Swansea City 2 Ivor Allchurch
25%
Meksyk C.D. Cuautla 1 Jaime Belmonte
25%
Paragwaj Club Olimpia/Club Nacional/Sportivo Luqueño/Club Sol de América 2 Juan Bautista Agüero/Florencio Amarilla/José Parodi/Jorge Lino Romero
25%
Austria First Vienna FC/Rapid Wiedeń 1 Karl Koller/Alfred Körner
25%
Szwecja Calcio Padova/Örgryte IS 4 Kurt Hamrin/Agne Simonsson
25%
Węgry Budapest Honvéd 4 Lajos Tichy
25%
Argentyna Racing Club 3 Oreste Corbatta
25%
Szkocja Rangers/Celtic/Blackpool/Hearts 1 Sammy Baird/Bobby Collins/Jackie Mudie/Jimmy Murray
25%
Jugosławia FK Vojvodina 3 Todor Veselinović
25%
Czechosłowacja Dukla Pardubice 4 Zdeněk Zikán
25%
Nie znaleziono quizów pasujących do podanych kryteriów
Rozkład punktacji
Procent ludzi z każdym wynikiem
Percentyl według liczby udzielonych odpowiedzi
Twoja historia wyników
Nie rozwiązałeś tego quizu